000 00480nam a2200241Ia 4500
001 068546
003 YMCAF
005 20230512160528.0
008 100717s1980 ||||||||||||||||| ||und|d
020 _a-
024 _a68546
035 _a8009
040 _aYMCAF
_beng
_cIN-KoLT
041 _aeng
100 _aDOCHERTY, TOMMY
245 0 _aBETTER FOOTBALL
250 _a-
260 _bORIENT
_c1980
300 _a136
653 _a-
653 _a-
942 _2ddc
_cBK
999 _c5112
_d5112